<?xml version="1.0" encoding="UTF-8"?>
<record
    xmlns:xsi="http://www.w3.org/2001/XMLSchema-instance"
    xsi:schemaLocation="http://www.loc.gov/MARC21/slim http://www.loc.gov/standards/marcxml/schema/MARC21slim.xsd"
    xmlns="http://www.loc.gov/MARC21/slim">

  <leader>02004nam a22003017i 4500</leader>
  <datafield tag="999" ind1=" " ind2=" ">
    <subfield code="c">22918</subfield>
    <subfield code="d">22918</subfield>
  </datafield>
  <controlfield tag="003">AR-CdUCM</controlfield>
  <controlfield tag="008">240522b20222022 pe||||| |||| 00| 0 spa d</controlfield>
  <datafield tag="020" ind1=" " ind2=" ">
    <subfield code="a">978-612-49142-2-5</subfield>
  </datafield>
  <datafield tag="040" ind1=" " ind2=" ">
    <subfield code="a">MUNICIPALIDAD PROVINCIAL DEL CUSCO</subfield>
    <subfield code="c">BIBLIOTECA MUNICIPAL DEL CUSCO</subfield>
  </datafield>
  <datafield tag="082" ind1=" " ind2=" ">
    <subfield code="a">304.80985 / A76</subfield>
    <subfield code="b">A76</subfield>
  </datafield>
  <datafield tag="100" ind1=" " ind2=" ">
    <subfield code="a">Aron&#xE9;s Palomino, Mariano</subfield>
  </datafield>
  <datafield tag="245" ind1=" " ind2=" ">
    <subfield code="a">Los atajos de la migraci&#xF3;n y las posibilidades de la patria despu&#xE9;s de doscientos a&#xF1;os / </subfield>
  </datafield>
  <datafield tag="260" ind1=" " ind2=" ">
    <subfield code="a">Lima :</subfield>
    <subfield code="b">Ministerio de Cultura del Per&#xFA;,</subfield>
    <subfield code="b">Proyecto Especial Bicentenario de la Independencia del Per&#xFA;,</subfield>
    <subfield code="c">2022</subfield>
  </datafield>
  <datafield tag="300" ind1=" " ind2=" ">
    <subfield code="a">184 p&#xE1;ginas. :</subfield>
    <subfield code="c">21 cm.</subfield>
  </datafield>
  <datafield tag="500" ind1=" " ind2=" ">
    <subfield code="z">Bibliograf&#xED;a: p&#xE1;ginas 177 - 181</subfield>
  </datafield>
  <datafield tag="505" ind1=" " ind2=" ">
    <subfield code="a">La traici&#xF3;n del espejo y la dif&#xED;cil peruanidad -- La primera migraci&#xF3;n -- De cari&#xF1;os distantes, pero eternos -- "Juan Estera" y la extra&#xF1;a resurrecci&#xF3;n de los dioses -- El siglo XX "corto" -- El mito del progreso y la modernizaci&#xF3;n etnocida -- La muerte de la comunidad y del migrante -- Los Shapis como fondo musical -- Los procesos de desplazamiento forzado -- El hero&#xED;smo de la migraci&#xF3;n -- La letra entra con sangre... y tambi&#xE9;n con "revoluci&#xF3;n" -- Las chicher&#xED;as y los rituales de despedida -- El mito de la escuela -- Las &#xE1;nforas de Chuschi --  El pollo de Ate y el Per&#xFA; de Los Mojarras -- Las otras, peque&#xF1;as y dram&#xE1;ticas migraciones -- Desborde popular -- El sombrero chotano y la "migraci&#xF3;n" del bicentenario
</subfield>
  </datafield>
  <datafield tag="650" ind1=" " ind2=" ">
    <subfield code="a">La primera migraci&#xF3;n</subfield>
    <subfield code="9">49963</subfield>
  </datafield>
  <datafield tag="650" ind1=" " ind2=" ">
    <subfield code="a">El mito del progreso y la modernizaci&#xF3;n etnocida</subfield>
    <subfield code="9">49964</subfield>
  </datafield>
  <datafield tag="650" ind1=" " ind2=" ">
    <subfield code="a">La muerte de la comunidad y del migrante</subfield>
    <subfield code="9">49965</subfield>
  </datafield>
  <datafield tag="650" ind1=" " ind2=" ">
    <subfield code="a">Los Shapis como fondo musical</subfield>
    <subfield code="9">49966</subfield>
  </datafield>
  <datafield tag="650" ind1=" " ind2=" ">
    <subfield code="a">Los procesos de desplazamiento forzado</subfield>
    <subfield code="9">49967</subfield>
  </datafield>
  <datafield tag="650" ind1=" " ind2=" ">
    <subfield code="a">El hero&#xED;smo de la migraci&#xF3;n</subfield>
    <subfield code="9">49968</subfield>
  </datafield>
  <datafield tag="650" ind1=" " ind2=" ">
    <subfield code="a">Las chicher&#xED;as y los rituales de despedida</subfield>
    <subfield code="9">49969</subfield>
  </datafield>
  <datafield tag="650" ind1=" " ind2=" ">
    <subfield code="a">El pollo de Ate y el Per&#xFA; de Los Mojarras</subfield>
    <subfield code="9">49970</subfield>
  </datafield>
  <datafield tag="856" ind1=" " ind2=" ">
    <subfield code="f">www.bicentenario.gob.pe/biblioteca</subfield>
  </datafield>
  <datafield tag="942" ind1=" " ind2=" ">
    <subfield code="2">ddc</subfield>
    <subfield code="c">LIBROS</subfield>
  </datafield>
  <datafield tag="945" ind1=" " ind2=" ">
    <subfield code="a">pbj</subfield>
    <subfield code="d">2024-05-22</subfield>
  </datafield>
  <datafield tag="952" ind1=" " ind2=" ">
    <subfield code="0">0</subfield>
    <subfield code="2">ddc</subfield>
    <subfield code="4">0</subfield>
    <subfield code="7">0</subfield>
    <subfield code="a">SH</subfield>
    <subfield code="b">SH</subfield>
    <subfield code="c">CART</subfield>
    <subfield code="d">2024-05-22</subfield>
    <subfield code="e">Dep&#xF3;sito Legal</subfield>
    <subfield code="g">20.00</subfield>
    <subfield code="o">304.80985 / A76</subfield>
    <subfield code="p">SH0000016755</subfield>
    <subfield code="r">2024-05-22</subfield>
    <subfield code="y">LIBROS</subfield>
  </datafield>
</record>
